| 000 | 00571nam a2200229Ia 4500 | ||
|---|---|---|---|
| 003 | OSt | ||
| 005 | 20230426114037.0 | ||
| 008 | 210423s1994 xx 000 0 und d | ||
| 020 | _a122624300 | ||
| 040 | _cAL | ||
| 041 | _aeng | ||
| 082 | _a581.88 FOSD | ||
| 100 |
_aFOSKET (Donald E) _993080 |
||
| 245 | _aPlant growth and development | ||
| 260 |
_aSan Diego _bAcademic Press _c1994 |
||
| 300 |
_axix,580 _bPB |
||
| 365 | _cINR | ||
| 650 |
_aBotanical Sciences _993081 |
||
| 650 |
_aBotany _993082 |
||
| 906 | _adevelopment ; growth ; Plant | ||
| 942 |
_2ddc _cBK |
||
| 999 |
_c162707 _d162707 |
||